[Event "Lansing op"]
[Site "Lansing"]
[Date "2001.09.02"]
[Round "5"]
[White "Loo, James"]
[Black "Dodaj, Gjergi"]
[Result "1/2-1/2"]
[WhiteElo "1568"]
[BlackElo "1926"]
[PlyCount "102"]
[EventDate "2001.08.31"]
[EventType "swiss"]
[EventRounds "7"]
[EventCountry "USA"]
[SourceTitle "EXT 2007"]
[Source "ChessBase"]
[SourceDate "2006.11.23"]
[SourceVersion "1"]
[SourceVersionDate "2006.11.23"]
[SourceQuality "1"]

1. c4 Nf6 2. Nc3 e6 3. g3 Be7 4. Bg2 0-0 5. Qc2 d5 6. cxd5 exd5 7. d4 c6 8. Nf3 Nbd7 9. 0-0 Re8 10. Ng5 Nf8 11. Bd2 Ng6 12. Rae1 Ng4 13. Nf3 Be6 14. h3 Nf6 15. Ng5 Bd7 16. e4 dxe4 17. Ngxe4 Nxe4 18. Nxe4 Be6 19. Be3 Bd5 20. f4 f5 21. Nc3 Bxg2 22. Kxg2 Qd7 23. Qb3+ Kh8 24. Kh2 Rad8 25. Rd1 Bf6 26. Bf2 Ne7 27. Qf7 Nd5 28. Qxd7 Rxd7 29. Rfe1 Red8 30. Rd2 Kg8 31. Red1 Kf7 32. Kg2 Nc7 33. Be3 Nd5 34. Nxd5 Rxd5 35. Kf3 a6 36. Ke2 h5 37. h4 g6 38. Kf3 c5 39. dxc5 Rxd2 40. Rxd2 Rxd2 41. Bxd2 Ke6 42. b3 Kd5 43. Bb4 Bd4 44. a3 Bxc5 45. Bxc5 Kxc5 46. Ke3 a5 47. Kd3 a4 48. bxa4 Kd5 49. a5 Kc5 50. a6 bxa6 51. Kc3 a5 1/2-1/2

[Event "Romulus op"]
[Site "Romulus"]
[Date "2000.09.04"]
[Round "6"]
[White "Dodaj, Gjergi"]
[Black "Skidmore, Mike"]
[Result "0-1"]
[WhiteElo "1926"]
[BlackElo "1800"]
[PlyCount "156"]
[EventDate "2000.09.01"]
[EventType "swiss"]
[EventRounds "7"]
[EventCountry "USA"]
[SourceTitle "EXT 2007"]
[Source "ChessBase"]
[SourceDate "2006.11.23"]
[SourceVersion "1"]
[SourceVersionDate "2006.11.23"]
[SourceQuality "1"]

1. e4 c6 2. d4 d5 3. Nc3 dxe4 4. Nxe4 Bf5 5. Ng3 Bg6 6. Nf3 e6 7. Bd3 Bxd3 8. Qxd3 Nd7 9. 0-0 Ngf6 10. Bf4 Be7 11. Rad1 0-0 12. c4 Nb6 13. Rfe1 Qc8 14. Be5 Rd8 15. Ng5 Nbd7 16. Nh5 h6 17. Nxf6+ Nxf6 18. Nf3 c5 19. Qc2 cxd4 20. Nxd4 a6 21. Qe2 Qc5 22. b3 Nd7 23. Bg3 Nf6 24. Be5 Nd7 25. Bf4 Nf6 26. Be3 Qh5 27. Qxh5 Nxh5 28. Nc2 Nf6 29. f3 b5 30. cxb5 axb5 31. Nd4 Nd5 32. Nc6 Rd7 33. Nxe7+ Rxe7 34. Bxh6 Nc3 35. Rd3 b4 36. Bd2 Rxa2 37. Bxc3 bxc3 38. Rxc3 Rd7 39. f4 Rdd2 40. Rg3 Rab2 41. h3 Kf8 42. Re4 Rd1+ 43. Kh2 Rbb1 44. Rc3 Rd2 45. Rb4 Rbb2 46. Rg3 g6 47. Rb7 Kg7 48. Rg5 Rd4 49. Rg4 Rf2 50. f5 Rxg4 51. hxg4 gxf5 52. gxf5 Rxf5 53. Rd7 Rb5 54. Rd3 Kf6 55. Kg3 Rb4 56. Re3 e5 57. Kf3 Ke6 58. Ke2 f5 59. Kd2 f4 60. Rh3 Kf5 61. Kc3 Rd4 62. Rd3 Re4 63. Rd2 Kg4 64. b4 Re1 65. Rb2 e4 66. b5 e3 67. b6 e2 68. Kd3 f3 69. Ke4 fxg2 70. b7 g1Q 71. b8Q Qg2+ 72. Kd3 Rd1+ 73. Kc4 Qe4+ 74. Kb5 Rd5+ 75. Ka6 Qc4+ 76. Kb6 Qc5+ 77. Kb7 Rd7+ 78. Ka6 Qa3+ 0-1